Score 0/25 Timer 04:00
0 Plays Today
Country % Correct
Panama
99%
Mexico
97.9%
Costa Rica
96.9%
Honduras
96.9%
Jamaica
96.9%
Belize
95.8%
Saint Vincent and the Grenadines
95.8%
Cuba
94.8%
Dominican Republic
94.8%
Haiti
94.8%
Dominica
93.8%
Saint Kitts and Nevis
93.8%
Trinidad and Tobago
93.8%
Country % Correct
Venezuela
93.8%
Guatemala
92.7%
Nicaragua
92.7%
Barbados
91.7%
USA
91.7%
Colombia
90.6%
Antigua and Barbuda
89.6%
Saint Lucia
89.6%
Grenada
88.5%
France
84.4%
Netherlands
77.1%
UK
66.7%
Remove Ads.
Support Sporcle.
Get the best of Sporcle when you Go Orange. This ad-free experience offers more features, more stats, and more fun while also helping to support Sporcle. Thank you for becoming a member.

You're not logged in!

Compare scores with friends on all Sporcle quizzes.
OR
Log In

Show Comments

Extras

Top Quizzes Today


Score Distribution

Your Account Isn't Verified!

In order to create a playlist on Sporcle, you need to verify the email address you used during registration. Go to your Sporcle Settings to finish the process.

Report this User

Report this user for behavior that violates our Community Guidelines.

Details: